000 00643nam a2200205Ia 4500
005 20241216011420.0
008 190429s9999||||xx |||||||||||||| ||und||
082 _a370.19341
_bC74
100 _aCONDOR SURICHAQUI EVA ELSA
245 0 _aCARACTERISTICAS SOCIO - EDUCATIVAS DEL EDUCANDO EN EL NIVEL SECUNDARIO EN LA CIUDAD DE CERRO DE PASCO
250 _a0
260 _aCERRO DE PASCO-PERU
_bUNDAC
_c1988
300 _a152 pag.
_c30 cm.
341 _h0
490 _v0
_a0
505 _aINVESTIGACION-METODOLOGIA/RESULTADOS
541 _aD
_bCONDOR SURICHAQUI, EVA E
_d15-Jun-95
_oSoles
650 _aEducación Secundaria
942 _cTESIS
999 _c41265
_d41265